Priame zahraničné investície ako nástroj medzinárodného podnikania čínskych firiem dizertačná práca

Salvato in:
Dettagli Bibliografici
Autore principale: Cibuľa, Adam, 1992-
Ente Autore: Fakulta medzinárodných vzťahov EU. Katedra medzinárodných ekonomických vzťahov a hospodárskej diplomacie
Altri autori: Dudáš, Tomáš, 1976-
Natura: Libro
Lingua:slovacco
Pubblicazione: Bratislava 2022
Soggetti:
Tags: Aggiungi Tag
Nessun Tag, puoi essere il primo ad aggiungerne!!

MARC

LEADER 00000nbm a2200000 4500
001 0287282
005 20230302100426.5
041 0 |a slo 
044 |a SK 
245 1 0 |a Priame zahraničné investície ako nástroj medzinárodného podnikania čínskych firiem  |b dizertačná práca  |c Adam Cibuľa ; školiteľ: Tomáš Dudáš 
264 1 |a Bratislava  |c 2022 
300 |a 115 s. 
610 2 0 |a investície priame zahraničné 
610 2 0 |a podnikanie medzinárodné 
610 2 0 |a Čína 
100 1 |a Cibuľa, Adam, 1992- 
700 1 |a Dudáš, Tomáš, 1976- 
710 2 |a Fakulta medzinárodných vzťahov EU. Katedra medzinárodných ekonomických vzťahov a hospodárskej diplomacie